[Event "DSOL 03 Liga Gr-C 1st"]
[Site "Playchess.com INT"]
[Date "2020.07.23"]
[Round "5.2"]
[White "Busch, Michael"]
[Black "Jurkic, Bosiljko"]
[Result "1/2-1/2"]
[WhiteElo "1943"]
[BlackElo "1997"]
[PlyCount "38"]
[EventDate "2020.06.22"]
[EventType "team-tourn (rapid)"]
[EventCountry "GER"]
[SourceTitle "EXT 2021"]
[Source "ChessBase"]
[SourceDate "2020.10.23"]
[SourceVersion "1"]
[SourceVersionDate "2020.10.23"]
[SourceQuality "1"]
[WhiteTeam "Koenigsjaeger Sued West"]
[BlackTeam "Bad Wimpfen"]
[WhiteTeamCountry "GER"]
[BlackTeamCountry "GER"]

1. Nf3 Nf6 2. g3 d5 3. Bg2 e6 4. 0-0 Be7 5. d4 0-0 6. c4 dxc4 7. Qa4 a6 8. Qxc4 b5 9. Qd3 Bb7 10. Nc3 c5 11. Bg5 cxd4 12. Nxd4 Bxg2 13. Kxg2 h6 14. Bf4 b4 15. Na4 Qa5 16. b3 e5 17. Nf5 Bd8 18. Nxh6+ gxh6 19. Bxh6 e4 1/2-1/2

[Event "AUT-chT2W 1617"]
[Site "Austria"]
[Date "2017.03.04"]
[Round "10.6"]
[White "Spiesberger, Gerhard"]
[Black "Busch, Michael"]
[Result "1-0"]
[WhiteElo "2054"]
[BlackElo "1960"]
[PlyCount "89"]
[EventDate "2016.10.28"]
[EventType "team-tourn"]
[EventRounds "11"]
[EventCountry "AUT"]
[SourceTitle "CBM 177 Extra"]
[Source "ChessBase"]
[SourceDate "2017.04.27"]
[SourceVersion "1"]
[SourceVersionDate "2017.04.27"]
[SourceQuality "1"]
[WhiteTeam "Ranshofen"]
[BlackTeam "Dornbirn"]
[WhiteTeamCountry "AUT"]
[BlackTeamCountry "AUT"]

1. Nf3 d5 2. g3 Nf6 3. Bg2 Nbd7 4. d4 e6 5. 0-0 Bd6 6. Nbd2 0-0 7. Re1 e5 8. e4 Nxe4 9. Nxe5 f5 10. f3 Nxe5 11. fxe4 fxe4 12. dxe5 Bxe5 13. Nb3 c6 14. c3 Qd6 15. Be3 b6 16. Qe2 Qg6 17. Rf1 Bg4 18. Qd2 Rfe8 19. Rf2 Rad8 20. Raf1 c5 21. Bf4 Bf6 22. Be3 a5 23. Rxf6 gxf6 24. Qf2 a4 25. Nc1 Kg7 26. h3 Bc8 27. Ne2 Ba6 28. Nf4 Qf7 29. Rd1 Kh8 30. b3 axb3 31. axb3 f5 32. b4 d4 33. cxd4 cxb4 34. d5 Bc4 35. Bxb6 Rc8 36. d6 Bb5 37. Qb2+ Kg8 38. Qxb4 Bd7 39. Nd5 Kg7 40. Bd4+ Kf8 41. Ne7 Rc2 42. Bxe4 fxe4 43. Rf1 Rc1 44. Rxc1 Bxh3 45. Qd2 1-0

[Event "AUT-chT2W 1617"]
[Site "Austria"]
[Date "2016.10.29"]
[Round "2.6"]
[White "Busch, Michael"]
[Black "Kozissnik, Christian"]
[Result "1-0"]
[WhiteElo "1960"]
[BlackElo "1917"]
[PlyCount "103"]
[EventDate "2016.10.28"]
[EventType "team-tourn"]
[EventRounds "11"]
[EventCountry "AUT"]
[SourceTitle "EXT 2017"]
[Source "ChessBase"]
[SourceDate "2016.10.25"]
[SourceVersion "1"]
[SourceVersionDate "2016.10.25"]
[SourceQuality "1"]
[WhiteTeam "Dornbirn"]
[BlackTeam "Bregenz II"]
[WhiteTeamCountry "AUT"]
[BlackTeamCountry "AUT"]

1. c4 b6 2. Nc3 e6 3. g3 Bb7 4. e4 Nf6 5. Bg2 d6 6. Nge2 Nbd7 7. 0-0 e5 8. d4 g6 9. h3 Bg7 10. Be3 0-0 11. Qd2 exd4 12. Nxd4 Nc5 13. f3 Ne6 14. Nc2 Kh8 15. Kh2 Re8 16. Rad1 Ng8 17. Nb4 Ne7 18. Nbd5 Nxd5 19. cxd5 Nc5 20. Bd4 f6 21. Rf2 Qe7 22. Bf1 a6 23. Rc1 Nd7 24. Ne2 Ne5 25. Nf4 Bc8 26. Qc3 Bd7 27. Rfc2 c5 28. dxc6 Nxc6 29. Nd5 Qf8 30. Bxf6 Ne5 31. Bxg7+ Qxg7 32. Nxb6 Rad8 33. Nxd7 Nxd7 34. Qxg7+ Kxg7 35. Bxa6 Nc5 36. Bc4 Rf8 37. Kg2 Kf6 38. b4 Nd7 39. a4 Rb8 40. Rb1 Ke5 41. a5 Rfc8 42. f4+ Kxe4 43. Re1+ Kd4 44. Rd1+ Ke4 45. Re2+ Kf5 46. Be6+ Kf6 47. Bxd7 Rc7 48. Rxd6+ Kg7 49. Re7+ Kf8 50. Re4 Rd8 51. Red4 Ke7 52. b5 1-0

[Event "Bodensee op"]
[Site "Bregenz"]
[Date "2016.05.02"]
[Round "3"]
[White "Matt, Fabian"]
[Black "Busch, Michael"]
[Result "1/2-1/2"]
[WhiteElo "2329"]
[BlackElo "1971"]
[PlyCount "81"]
[EventDate "2016.04.30"]
[EventType "swiss"]
[EventRounds "9"]
[EventCountry "AUT"]
[SourceTitle "CBM 172 Extra"]
[Source "ChessBase"]
[SourceDate "2016.06.21"]
[SourceVersion "1"]
[SourceVersionDate "2016.06.21"]
[SourceQuality "1"]

1. d4 d5 2. Nf3 Nf6 3. Bf4 e6 4. e3 c5 5. c3 Nc6 6. Nbd2 Bd6 7. Bg3 0-0 8. Bd3 b6 9. Ne5 Bb7 10. f4 Ne7 11. Qf3 Qc7 12. Bf2 Rfc8 13. g4 Nd7 14. Qh3 Nf8 15. g5 a5 16. Ndf3 Ba6 17. Bc2 b5 18. Rg1 Neg6 19. Nxg6 fxg6 20. 0-0-0 b4 21. Be1 a4 22. dxc5 bxc3 23. Bxc3 a3 24. Nd4 Qxc5 25. Rg2 axb2+ 26. Bxb2 Bc4 27. Nxe6 Qb4 28. Nxf8 Bxf8 29. Qe6+ Kh8 30. a3 Qb7 31. a4 Ba2 32. Qe5 Rxa4 33. f5 Re4 34. Qg3 Rec4 35. f6 Qa7 36. Qe5 Bb3 37. Rdd2 Re4 38. fxg7+ Bxg7 39. Qxg7+ Qxg7 40. Bxg7+ Kxg7 41. Rd3 1/2-1/2